The rulers and their beloved concubines / (Record no. 123178)
[ view plain ]
| 000 -LEADER | |
|---|---|
| fixed length control field | 00780nam a22002417a 4500 |
| 005 - DATE AND TIME OF LATEST TRANSACTION | |
| control field | 20170124105921.0 |
| 010 ## - LIBRARY OF CONGRESS CONTROL NUMBER | |
| LC control number | A-940588 |
| 020 ## - INTERNATIONAL STANDARD BOOK NUMBER | |
| Terms of availability | 400.00 |
| International Standard Book Number | 8186653112 |
| 035 ## - SYSTEM CONTROL NUMBER | |
| System control number | A-940588 |
| 037 ## - SOURCE OF ACQUISITION | |
| Source of stock number/acquisition | Cen Lib/Ret |
| 040 ## - CATALOGING SOURCE | |
| Original cataloging agency | DPL |
| Language of cataloging | EN |
| 082 ## - DEWEY DECIMAL CLASSIFICATION NUMBER | |
| Classification number | 392.6 |
| Item number | MIS |
| 100 ## - MAIN ENTRY--PERSONAL NAME | |
| Personal name | Misra, Ratan Lal |
| 9 (RLIN) | 4571 |
| 245 ## - TITLE STATEMENT | |
| Title | The rulers and their beloved concubines / |
| Statement of responsibility, etc | by Ratan Lal Misra |
| 246 ## - VARYING FORM OF TITLE | |
| Remainder of title | |
| 260 ## - PUBLICATION, DISTRIBUTION, ETC. (IMPRINT) | |
| Name of publisher, distributor, etc | INA SHree Publishers |
| Date of publication, distribution, etc | 1998 |
| Place of publication, distribution, etc | Jaipur |
| 270 ## - ADDRESS | |
| City | Jaipur |
| Address | S-54, geejghar vihar colony, hawa sarak, 22 godam |
| Postal code | 302006 |
| 300 ## - PHYSICAL DESCRIPTION | |
| Extent | vi, 185p.: |
| Dimensions | 21cm(Hb) |
| Other physical details | ill. |
| 500 ## - GENERAL NOTE | |
| General note | Includes bibliographical references and index |
| 650 ## - SUBJECT ADDED ENTRY--TOPICAL TERM | |
| Topical term or geographic name as entry element | Matrimonial alliances |
| Geographic subdivision | Ancient India |
| 9 (RLIN) | 4572 |
| 650 ## - SUBJECT ADDED ENTRY--TOPICAL TERM | |
| Topical term or geographic name as entry element | promiscuity |
| 9 (RLIN) | 4573 |
| 942 ## - ADDED ENTRY ELEMENTS (KOHA) | |
| Source of classification or shelving scheme | Dewey Decimal Classification |
| Koha item type | English Books |
| Classification part | 392.6 |
| Call number suffix | MIS |
| Withdrawn status | Lost status | Damaged status | Not for loan | Home library | Current library | Date acquired | Source of acquisition | Cost, normal purchase price | Total Checkouts | Full call number | Barcode | Date last seen | Copy number | Cost, replacement price | Price effective from | Koha item type | Public note | Source of classification or shelving scheme | Collection code | Date checked out |
|---|---|---|---|---|---|---|---|---|---|---|---|---|---|---|---|---|---|---|---|---|
| Written off | Central Library | Central Library | 03/06/2015 | Cen Lib/Ret | 400.00 | 392.6 MIS | A-940588 | 03/06/2015 | 1 | 400.00 | 15/09/2016 | English Books | Written off on approval by DLB (By Circulation); dtd 15-06-2023 | |||||||
| Sarojini Nagar | Sarojini Nagar | 01/04/2019 | 1 | 392.6 MIS | A-940590 | 02/06/2023 | 01/04/2019 | English Books | Dewey Decimal Classification | Non-fiction | 23/05/2023 |
